[Event "Summer Cup"]
[Site "Wellington Chess Club"]
[Date "2022.03.31"]
[Round "8.2"]
[White "Sellen, Ian"]
[Black "Dive, Russell"]
[Result "0-1"]
[WhiteElo "2039"]
[BlackElo "2388"]

1. c4 e5 2. Nc3 Nc6 3. g3 g6 4. Bg2 Bg7 5. e3 h5 6. h4 d6 7. Nge2 Bg4 8. d3
Nge7 9. a3 a5 10. Qa4 O-O 11. Ne4 Qc8 12. N2c3 Ra6 13. Qc2 Nd8 14. O-O Bh3 15.
Qe2 Bxg2 16. Kxg2 Nf5 17. Rb1 a4 18. Qc2 Qd7 19. Nd5 f6 20. b4 axb3 21. Rxb3
Kh8 22. Bd2 b6 23. Bc3 Ne6 24. Qe2 Raa8 25. Qf3 Rae8 26. Kh2 Nh6 27. Kg2 Qd8
28. Qd1 f5 29. Ng5 Nc5 30. Rb1 Ng4 31. f3 Nf6 32. Re1 Nxd5 33. cxd5 Qa8 34. e4
Qxa3 35. Bb4 Qxd3 36. Bxc5 Qxd1 37. Rexd1 bxc5 38. Ne6 Rf7 39. Rb7 fxe4 40.
fxe4 Ra8 41. Rd2 Bh6 42. Rf2 Rxf2+ 43. Kxf2 Ra2+ 44. Kf3 Ra3+ 45. Kf2 Be3+ 46.
Kg2 Ra2+ 47. Kf3 Bd4 48. g4 Ra3+ 49. Kg2 hxg4 50. Rxc7 Re3 51. Rc6 Kg8 52. Rxd6
Rxe4 53. Rc6 Re2+ 54. Kg3 e4 55. d6 Be5+ 56. Kxg4 Rg2+ 57. Kh3 Rg3+ 58. Kh2
Rd3+ 59. Kg2 Rxd6 60. Rc8+ Kf7 61. Ng5+ Ke7 62. Nxe4 Rd4 63. Kf3 c4 64. Ra8
Rd3+ 65. Ke2 Rh3 66. Ra7+ Kf8 67. Ra5 Bd4 68. Ra8+ Kg7 69. Ng5 Rxh4 70. Ra4 Bf6
71. Nf3 Re4+ 72. Kd2 c3+ 0-1

[Event "Summer Cup"]
[Site "Wellington Chess Club"]
[Date "2022.03.31"]
[Round "8.3"]
[White "Winter, Ryan"]
[Black "Cilia Vincenti, David"]
[Result "1/2-1/2"]
[WhiteElo "2186"]
[BlackElo "2219"]

1. e4 c5 2. Nf3 e6 3. d4 cxd4 4. Nxd4 a6 5. Nc3 b5 6. Bd3 Bb7 7. O-O Nc6 8. Nb3
Nf6 9. Re1 Ne5 10. Bg5 h6 11. Bh4 Qb6 12. a4 Nxd3 13. cxd3 bxa4 14. Nxa4 Qb4
15. Nc3 Bc6 16. d4 Rb8 17. d5 Bxd5 18. Nxd5 Nxd5 19. exd5 Qxh4 20. dxe6 dxe6
21. Qc2 Bd6 22. Qc6+ Ke7 23. g3 Qb4 24. Na5 Rb6 25. Rec1 Qb5 26. Qe4 f5 27. Qd4
Be5 28. Qe3 Rd8 29. Nc4 Bd4 30. Qa3+ Bc5 31. Qc3 Bd4 32. Qa3+ Bc5 33. Qc3
1/2-1/2

[Event "Summer Cup"]
[Site "Wellington Chess Club"]
[Date "2022.03.31"]
[Round "8.4"]
[White "Perrin, Brent"]
[Black "Forster, Bill"]
[Result "0-1"]
[WhiteElo "1859"]
[BlackElo "2034"]

1. e4 c5 2. Nf3 a6 3. c3 e6 4. d4 d5 5. e5 Bd7 6. Be3 c4 7. Be2 b5 8. Nbd2 Nc6
9. Nf1 b4 10. Ng3 Qa5 11. Qc2 Na7 12. O-O Nb5 13. cxb4 Bxb4 14. a4 Nc7 15. Ng5
g6 16. h4 Kf8 17. h5 Be8 18. f4 Ne7 19. f5 $1 exf5 20. Nxf5 Nxf5 21. Rxf5 $1
gxf5 22. Qxf5 Bd2 {The only way to keep fighting} 23. Bxd2 Qxd2 24. Rf1 Qxe2
25. Qf6 Qxh5 {Black is just hanging on, or is he?} 26. Qxh8+ $2 {A pity}  (26.
e6 $3 {Would have crowned a great attack, for example} 26... Qg6 27. Qxh8+ Ke7
28. exf7) 26... Ke7 27. Qf6+ Kd7 28. Qd6+ Kc8 29. Nh3 Qg6 30. Rf6 Qb1+ 31. Kh2
Qxb2 32. Nf4 Qxd4 33. g3 c3 34. Ne2 Qd2 35. Rf2 c2 36. Kg2 c1=Q 37. Nxc1 Qxc1
38. e6 fxe6 39. Rf8 Qb2+ 40. Kh3 Kb7 41. Rf4 a5 42. Rf8 Qb4 0-1

[Event "Summer Cup"]
[Site "Wellington Chess Club"]
[Date "2022.03.31"]
[Round "8.5"]
[White "Winsley, Nicholas"]
[Black "Sole, Michael"]
[Result "0-1"]
[WhiteElo "1829"]
[BlackElo "2004"]

1. e4 c6 2. d4 d5 3. Nc3 dxe4 4. Nxe4 Nf6 5. Nxf6+ exf6 6. Nf3 Bd6 7. Bc4 O-O
8. O-O Bg4 9. c3 Nd7 10. h3 Bh5 11. g4 Bg6 12. Nh4 Qc7 13. f4 Be4 14. Bd3 Rfe8
15. Nf5 c5 16. Bxe4 Rxe4 17. Qf3 Rae8 18. Ng3 Re1 19. Bd2 Rxa1 20. Rxa1 cxd4
21. cxd4 Qc4 22. Bc3 Nf8 23. Ne4 Qc7 24. Re1 Rd8 25. f5 Be7 26. h4 b5 27. b4
Qc4 28. Qe2 Qd5 29. Nc5 Bd6 30. Ba1 h5 31. Qe4 Qxa2 32. gxh5 Qh2+ 33. Kf1 Bg3
34. Re2 Qh3+ 35. Qg2 Qxf5+ 36. Kg1 Bxh4 37. h6 Ng6 38. Bb2 Bg5 39. Re4 Bxh6 40.
Nb7 Rf8 41. Qe2 Nf4 42. Qc2 Qg4+ 43. Kf1 Qf3+ 0-1

[Event "Summer Cup"]
[Site "Wellington Chess Club"]
[Date "2022.03.31"]
[Round "8.6"]
[White "Young, Cohen"]
[Black "Van der Hoorn, Thomas"]
[Result "1/2-1/2"]
[WhiteElo "1982"]
[BlackElo "1942"]

1. e4 e5 2. Nc3 Nc6 3. Bc4 Nf6 4. d3 Bc5 5. f4 d6 6. Nf3 Bg4 7. Na4 Bb6 8. Nxb6
axb6 9. c3 O-O 10. O-O exf4 11. Bxf4 Nh5 12. Be3 Nf6 13. Bf4 d5 14. exd5 Nxd5
15. Qd2 Re8 16. Bxd5 Qxd5 17. Bxc7 Bxf3 18. Rxf3 Na5 19. Qf2 Re7 20. Bxb6 Nb3
21. Re1 Rxe1+ 22. Qxe1 Nc5 23. Re3 Ne6 24. a3 Qb5 25. Rxe6 fxe6 26. Qxe6+ Kh8
27. Bd4 Qxb2 28. Qe7 Qc1+ 29. Kf2 Qd2+ 30. Kg1 Rg8 31. Bxg7+ 1/2-1/2

[Event "Summer Cup"]
[Site "Wellington Chess Club"]
[Date "2022.03.31"]
[Round "8.7"]
[White "Archer, Ollie"]
[Black "Symon, Christopher"]
[Result "0-1"]
[WhiteElo "1752"]
[BlackElo "1888"]

1. d4 f5 2. Bg5 Nf6 3. Bxf6 exf6 4. e3 d5 5. c4 Be6 6. cxd5 Bxd5 7. Nc3 Bb4 8.
Ne2 O-O 9. a3 Bxc3+ 10. Nxc3 Nc6 11. Bd3 Bxg2 12. Rg1 Be4 13. Nxe4 fxe4 14.
Bxe4 Qe7 15. Qc2 Nxd4 16. Qc4+ Ne6 17. Bf5 Rfe8 18. Rg3 Rad8 19. Rc1 c6 20. Qb3
Kh8 21. Bxe6 Qxe6 22. Qxb7 Re7 23. Qxc6 Qe5 24. Qc3 Qh5 25. Qc5 Qf7 26. Qc4 Qh5
27. Qb4 Red7 28. Qg4 Qd5 29. Rc2 Qh1+ 30. Rg1 Rd1+ 0-1

[Event "Summer Cup"]
[Site "Wellington Chess Club"]
[Date "2022.03.31"]
[Round "8.9"]
[White "Rossiter, Philip"]
[Black "Malcolm, Aidan"]
[Result "1-0"]
[WhiteElo "1756"]
[BlackElo "1700"]

1. Nf3 f5 2. c4 Nf6 3. Nc3 e6 4. g3 Be7 5. Bg2 O-O 6. O-O d6 7. d4 Ne4 8. Qc2
Nxc3 9. Qxc3 a5 10. Qc2 Nd7 11. Bd2 Qe8 12. Rad1 Qh5 13. e4 e5 14. exf5 exd4
15. Nxd4 Nf6 16. h3 c5 17. Ne6 Ra7 18. Bf4 Rf7 19. Bxd6 b6 20. Bxe7 Raxe7 21.
Rd8+ Re8 22. Rxe8+ Nxe8 23. g4 Qh6 24. Qd3 Rd7 25. Qe4 Re7 26. g5 Qh5 27. Qf4
Bxe6 28. fxe6 Qe2 29. Bd5 Qxb2 30. Re1 Qxa2 31. Qf7+ 1-0

[Event "Summer Cup"]
[Site "Wellington Chess Club"]
[Date "2022.03.31"]
[Round "8.11"]
[White "Lawrence, Hugo"]
[Black "Benitez, Edgar"]
[Result "0-1"]
[WhiteElo "1767"]
[BlackElo "1997"]

1. e4 d6 2. d4 Nf6 3. Bd3 g6 4. Bg5 Bg7 5. Nf3 Nc6 6. c3 O-O 7. h3 a6 8. O-O h6
9. Bh4 e5 10. d5 Ne7 11. Nbd2 g5 12. Bg3 Ng6 13. Nh2 h5 14. f3 h4 15. Be1 Nh5
16. Ng4 Ngf4 17. Nc4 f5 18. Nge3 Nxd3 19. Qxd3 Nf4 20. Qc2 g4 21. fxg4 fxg4 22.
Nxg4 Bxg4 23. hxg4 Qg5 24. Ne3 Nh3+ 25. Kh2 Qxe3 26. Rxf8+ Rxf8 27. gxh3 Rf1
28. Qc1 Qg1# 0-1

[Event "Summer Cup"]
[Site "Wellington Chess Club"]
[Date "2022.03.31"]
[Round "8.12"]
[White "Webster, Jamie"]
[Black "Winsley, Daniel"]
[Result "0-1"]
[WhiteElo "1742"]
[BlackElo "1808"]

1. e4 c6 2. d4 d5 3. e5 Bf5 4. h4 h6 5. g4 Bg6 6. h5 Bh7 7. e6 fxe6 8. Bd3 Bxd3
9. Qxd3 Qd6 10. Nf3 Nd7 11. Qg6+ Kd8 12. O-O e5 13. Nxe5 Nxe5 14. dxe5 Qxe5 15.
Nd2 Qf6 16. Qd3 Qh4 17. Qg6 Nf6 18. Nf3 Qxg4+ 19. Qxg4 Nxg4 20. Bf4 g5 21. hxg6
Bg7 22. c3 Rf8 23. Be5 Bxe5 24. Nxe5 Nxe5 0-1

[Event "Summer Cup"]
[Site "Wellington Chess Club"]
[Date "2022.03.31"]
[Round "8.13"]
[White "Cooke, Xandi"]
[Black "Brockway, Andrew"]
[Result "1/2-1/2"]
[WhiteElo "1535"]
[BlackElo "1778"]

1. d4 d5 2. c4 Nf6 3. cxd5 Qxd5 4. Nc3 Qd8 5. e4 e5 6. d5 Bd6 7. Bd3 O-O 8. Nb5
a6 9. Nxd6 Qxd6 10. Ne2 Bg4 11. h3 Bh5 12. O-O Bg6 13. Nc3 Nbd7 14. f4 exf4 15.
Bxf4 Ne5 16. Qe2 Nfd7 17. Rac1 Qe7 18. Rfe1 Rac8 19. Qe3 f6 20. Bc2 Nb6 21. Bb3
Kh8 22. Nd1 Rfd8 23. Qc5 Qxc5+ 24. Rxc5 Nbd7 (24... Nd3 25. Bxc7 Nxe1 26. Bxd8
Rxd8) 25. Rc3 Nb6 26. Nf2 { (=) Draw agreed  1/2-1/2} 1/2-1/2

[Event "Summer Cup"]
[Site "Wellington Chess Club"]
[Date "2022.03.31"]
[Round "8.14"]
[White "Darr, Samuel"]
[Black "Jones, Christopher"]
[Result "0-1"]
[WhiteElo "1581"]
[BlackElo "1531"]

1. e4 e5 2. Nf3 Nc6 3. Bc4 Nf6 4. Nc3 Bc5 5. d3 d6 6. Bg5 h6 7. Bh4 Be6 8. Nd5
g5 9. Bg3 Nh5 10. Qe2 Bg4 11. Ne3 Nd4 12. Qd1 Bxf3 13. gxf3 Qf6 14. Nd5 Qxf3
15. Qxf3 Nxf3+ 16. Ke2 Nd4+ 17. Kd1 Kd7 18. a4 Raf8 19. b4 c6 20. bxc5 cxd5 21.
Bxd5 f5 22. cxd6 f4 23. Rb1 b6 24. a5 Rb8 25. Bf7 Nf6 26. Rf1 bxa5 27. Ra1 Rb5
28. h4 fxg3 29. fxg3 Ng4 30. Kd2 Rf8 31. c3 Rb2+ 32. Kc1 Rc2+ 33. Kb1 Rb8+ 0-1

[Event "Summer Cup"]
[Site "Wellington Chess Club"]
[Date "2022.03.31"]
[Round "8.15"]
[White "Hupert, Leo"]
[Black "Farrington, Lawrence"]
[Result "1/2-1/2"]
[WhiteElo "1149"]
[BlackElo "1647"]

1. e4 e6 2. d4 d5 3. e5 c5 4. Nf3 Nc6 5. c4 cxd4 6. Nxd4 Bb4+ 7. Bd2 Bxd2+ 8.
Qxd2 Nge7 9. Nxc6 bxc6 10. Qg5 Ng6 11. Qg3 Qh4 12. Nd2 Qxg3 13. hxg3 Nxe5 14.
cxd5 cxd5 15. f4 Ng4 16. Nb3 Bd7 17. a4 Nf6 18. Nc5 O-O 19. Nxd7 Nxd7 20. Bb5
Nf6 21. Ke2 Rfc8 22. Bd3 a5 23. Kf3 Rab8 24. Rhc1 g6 25. Rxc8+ Rxc8 26. Rb1 Ne8
27. Ba6 Rc5 28. b4 axb4 29. Rxb4 Nd6 30. Ke3 Rc3+ 31. Kd4 Ra3 32. Ke5 Ne4 33.
Bd3 Rxd3 34. a5 Ra3 35. Rb8+ Kg7 36. Ra8 Ra4 37. g4 Nf6 38. g5 Ng4+ 39. Kd6 Ne3
40. g3 d4 41. Ke7 d3 42. Rf8 Nd5+ 43. Ke8 Nc7+ 44. Ke7 Nd5+ 45. Ke8 Rxa5 46.
Rxf7+ {draw 1/2-1/2} 1/2-1/2

[Event "Summer Cup"]
[Site "Wellington Chess Club"]
[Date "2022.03.31"]
[Round "8.17"]
[White "Asher, Bruce"]
[Black "Lynch, Oscar"]
[Result "0-1"]
[WhiteElo "1166"]
[BlackElo "1555"]

1. e4 d5 2. exd5 Nf6 3. Nc3 Nxd5 4. Bc4 Nb6 5. Bb3 c5 6. d3 Nc6 7. Be3 Nd4 8.
Nf3 Bg4 9. Bxf7+ Kxf7 10. Ng5+ Ke8 11. Qd2 h6 12. Nge4 Nd5 13. Nxc5 Nxe3 14.
fxe3 Nf5 15. O-O e6 16. e4 Bxc5+ 17. Kh1 Ne3 18. Rf2 Nxg2 19. Rff1 Nh4 20. Qf4
Bf3+ 21. Rxf3 Nxf3 22. Qxf3 Qf6 23. Qh3 Rf8 24. Qh5+ Rf7 25. Qxc5 Qf3+ 26. Kg1
Rf4 27. Qb5+ Ke7 28. Qc5+ Kf6 29. Qd4+ Kg6 30. Rf1 Rg4# 0-1

[Event "Summer Cup"]
[Site "Wellington Chess Club"]
[Date "2022.03.31"]
[Round "8.18"]
[White "Carlyle, Mathieson"]
[Black "Qu, Lucas"]
[Result "1-0"]
[WhiteElo "1622"]
[BlackElo "1289"]

1. e4 e5 2. Nf3 Nc6 3. Bc4 Nf6 4. O-O Bc5 5. Re1 O-O 6. c3 d6 7. h3 Be6 8. Bxe6
fxe6 9. d4 exd4 10. cxd4 Bb6 11. Qb3 Nxd4 12. Nxd4 Bxd4 13. Qxe6+ Rf7 14. Nc3
Qe8 15. Qc4 Qe5 16. Ne2 Qxe4 17. Qxd4 c5 18. Qxe4 Nxe4 19. Be3 Re8 20. Rad1 b5
21. Bf4 g5 22. Be3 a6 23. f3 Nf6 24. Bxg5 c4 25. Rxd6 Nd7 26. Rxa6 Nc5 27. Rd6
Rf5 28. Rd8 Rxd8 29. Bxd8 Rd5 30. Be7 Rf5 31. Bxc5 Rxc5 32. Kf2 Re5 33. a3 Kg7
34. Nc3 Rc5 35. Re7+ Kg6 36. Rb7 h6 37. Rxb5 Rc6 38. Nd5 Kh7 39. Rb7+ Kh8 40.
Rf7 Kg8 41. Ne7+ Kxf7 42. Nxc6 Ke6 43. Ke3 Kd6 44. Nd4 h5 45. a4 Kc5 46. a5 h4
47. f4 Kd6 48. Ke4 c3 49. bxc3 Kc7 50. f5 Kd7 51. f6 Ke8 52. a6 Kd8 53. a7 Kc8
54. a8=Q+ Kc7 55. f7 Kd7 56. f8=Q Kc7 57. c4 Kd7 58. c5 Kc7 59. Nb5+ Kd7 60.
c6+ Ke6 61. c7 Kd7 62. c8=B# 1-0

[Event "Club Rapid"]
[Site "Wellington Chess Club"]
[Date "2022.04.07"]
[Round "1.2"]
[White "Ker, Anthony"]
[Black "Webster, Jamie"]
[Result "1-0"]
[WhiteElo "2367"]
[BlackElo "1537"]

1. e4 e5 2. Nf3 Nc6 3. d4 exd4 4. Bc4 Nf6 5. e5 Ne4 6. O-O Be7 7. Re1 d5 8. Bb5
O-O 9. Bxc6 bxc6 10. Nxd4 Bd7 11. f3 Nc5 12. Nc3 Ne6 13. Kh1 Nxd4 14. Qxd4 Be6
15. Na4 Qd7 16. Bd2 a5 17. Bc3 Rfe8 18. f4 Bf8 19. b3 Qe7 20. Qd3 g6 21. Bd4
Qb4 22. c3 Qb5 23. Qe3 Bf5 24. Bc5 Qd3 25. Bxf8 Qxe3 26. Rxe3 Kxf8 27. Nc5 Kg7
28. Rd1 Red8 29. Rd4 h5 30. Kg1 Bb1 31. Ra4 Bf5 32. Nb7 Re8 33. Rxa5 Rxa5 34.
Nxa5 Bd7 35. Nb7 Kf8 36. a4 {Black lost on time} 1-0

[Event "Club Rapid"]
[Site "Wellington Chess Club"]
[Date "2022.04.07"]
[Round "1.6"]
[White "Tanoi, Edward"]
[Black "Young, Cohen"]
[Result "0-1"]
[WhiteElo "1877"]
[BlackElo "1341"]

1. Nf3 Nf6 2. d4 d5 3. c4 e6 4. Nc3 Bb4 5. Bd2 dxc4 6. Qa4+ Nc6 7. Ne5 Bxc3 8.
Bxc3 Bd7 9. Nxd7 Qxd7 10. e3 O-O 11. Bxc4 a6 12. Qc2 Rfe8 13. Rd1 b5 14. Bb3 a5
15. a3 a4 16. Ba2 Qe7 17. O-O b4 18. axb4 Nxb4 19. Bxb4 Qxb4 20. e4 Rab8 21.
Rd2 Nxe4 22. Re2 Nd6 23. d5 exd5 24. Rxe8+ Nxe8 25. Bxd5 Qd4 26. Qf5 Nd6 27.
Qf3 Qxb2 28. Qe3 a3 29. Qa7 Rc8 30. h3 c6 31. Bf3 a2 32. Qa6 h6 33. Bxc6 Rxc6
34. Qxc6 a1=Q 0-1

[Event "Club Rapid"]
[Site "Wellington Chess Club"]
[Date "2022.04.07"]
[Round "1.7"]
[White "Lynch, Oscar"]
[Black "Van der Hoorn, Thomas"]
[Result "0-1"]
[WhiteElo "1298"]
[BlackElo "1869"]

1. d4 e6 2. c4 Nf6 3. Bg5 h6 4. Bf4 d5 5. e3 Bd6 6. Bg3 b6 7. Nc3 O-O 8. cxd5
exd5 9. Nf3 Be6 10. Ne5 c5 11. Bd3 a6 12. a4 Qc7 13. O-O Nc6 14. Nf3 Bxg3 15.
hxg3 Bg4 16. Be2 Rfe8 17. Qd3 Nb4 18. Qd1 Ne4 19. Ne5 Bxe2 20. Qxe2 cxd4 21.
exd4 Nxc3 22. bxc3 Qxc3 23. Rfd1 Qc7 24. Rdc1 Qe7 25. Qf3 Rac8 26. a5 Rxc1+ 27.
Rxc1 bxa5 28. Nc6 Nxc6 29. Rxc6 Qb7 30. Rc5 a4 31. Qa3 Qb3 32. Rc3 Qd1+ 33. Kh2
Qxd4 (33... Qh5+ 34. Kg1 Re1# {is faster} ) 34. Qb2 a5 35. Qc2 g6 36. Ra3 Qc4
37. Qxa4 Qxa4 38. Rxa4 {Black won in a few more moves} 0-1

[Event "Club Rapid"]
[Site "Wellington Chess Club"]
[Date "2022.04.07"]
[Round "1.8"]
[White "Forster, Bill"]
[Black "Qu, Lucas"]
[Result "1-0"]
[WhiteElo "1862"]
[BlackElo "1204"]

1. d4 d5 2. c4 Nf6 3. cxd5 Qxd5 4. Nc3 Qc6 5. e4 Nxe4 6. Bb5 Nxc3 7. Bxc6+ Nxc6
8. bxc3 Bf5 9. Nf3 e6 10. Bf4 O-O-O 11. O-O Be7 12. Ne5 Nxe5 13. Bxe5 Bf6 14.
Bxf6 gxf6 15. Qa4 a6 16. Rfe1 Rhg8 17. Re3 h5 18. h4 Rg4 19. g3 e5 20. Qa5 Be4
21. f3 Rd5 22. fxg4 Rxa5 23. Rxe4 hxg4 24. dxe5 fxe5 25. h5 f5 26. h6 Rd5 27.
h7 Rd8 28. Rxe5 Rh8 29. Rd1 Rxh7 30. Re8# 1-0

[Event "Club Rapid"]
[Site "Wellington Chess Club"]
[Date "2022.04.07"]
[Round "1.11"]
[White "Hooper, John"]
[Black "Perrin, Brent"]
[Result "0-1"]
[WhiteElo "1074"]
[BlackElo "1765"]

1. d4 e6 2. c4 f5 3. g3 Nf6 4. Bg2 Be7 5. Nf3 O-O 6. O-O d6 7. Nc3 Ne4 8. Nxe4
fxe4 9. Nd2 d5 10. c5 Nc6 11. Nb3 Bf6 12. e3 e5 13. f3 exf3 14. Bxf3 e4 15. Bg2
Qe8 16. Bd2 Qg6 17. Na5 Ne7 18. Bb4 c6 19. Qb3 Rb8 20. Qa3 Bg4 21. Nb3 Be2 22.
Rf2 Ba6 23. Bf1 Bg5 24. Nd2 Rxf2 25. Kxf2 Qh6 26. Re1 Qxh2+ 27. Bg2 Rf8+ 28.
Nf3 Rxf3# 0-1

[Event "Club Rapid"]
[Site "Wellington Chess Club"]
[Date "2022.04.07"]
[Round "2.1"]
[White "Chen, Wei Kai"]
[Black "Ker, Anthony"]
[Result "0-1"]
[WhiteElo "1737"]
[BlackElo "2367"]

1. Nf3 c5 2. b3 Nc6 3. Bb2 d6 4. e3 e5 5. Nc3 g6 6. d4 Bg4 7. dxc5 dxc5 8. Be2
Bg7 9. Ne4 b6 10. Nd6+ Ke7 11. Nc4 (11. Nxf7 $1 Kxf7 (11... Qxd1+ 12. Rxd1 Kxf7
13. Ng5+ Kf6 14. Ne4+ Kf5 15. Ng3+ Kf6 16. Bxg4) 12. Qxd8 Rxd8 13. Ng5+ Kf6 14.
Ne4+ Kf5 15. Ng3+ Kf6 16. Bxg4 $16) 11... Qc7 12. O-O Nh6 13. h3 Rhd8 14. Qc1
Bf5 15. Na3 a6 16. c4 Nb4 17. Nh4 (17. e4 Bxe4 18. Bxe5 Bxe5 19. Nxe5) 17...
Be4 18. f4 f6 19. Bc3 Nf7 20. Bxb4 cxb4 21. Nc2 Qc5 22. Bf3 Bxf3 23. Rxf3 f5
24. Rf2 exf4 25. Rb1 fxe3 26. Qe1 Kf8 27. Re2 Bc3 28. Qf1 Rd2 29. Nf3 Rxe2 30.
Qxe2 Re8 31. Rd1 f4 32. Rd5 Qe7 33. Nce1 Rd8 34. Rxd8+ Qxd8 35. Nd3 g5 36. h4
h6 37. hxg5 hxg5 38. Nh2 Ne5 39. Nxe5 Bxe5 40. Qg4 Bf6 41. Qh5 Kg7 42. Qf3 Qd4
43. Ng4 e2+ 44. Kh2 e1=Q 45. Qb7+ Kg6 46. Qf3 Qeg1+ 0-1

[Event "Club Rapid"]
[Site "Wellington Chess Club"]
[Date "2022.04.07"]
[Round "2.5"]
[White "Young, Cohen"]
[Black "Sole, Michael"]
[Result "0-1"]
[WhiteElo "1341"]
[BlackElo "1969"]

1. e4 e5 2. Nc3 Nc6 3. Bc4 Nf6 4. d3 Na5 5. Qf3 d6 6. h3 Be7 7. Nge2 Nxc4 8.
dxc4 Be6 9. b3 c6 10. O-O O-O 11. Rd1 Qc7 12. a4 Rad8 13. Ba3 Ne8 14. g4 g6 15.
Kh2 f5 16. gxf5 gxf5 17. Rg1+ Kh8 18. Qg3 f4 19. Qf3 Rf6 20. Rad1 Rh6 21. Rg4
Nf6 22. Nxf4 0-1

[Event "Club Rapid"]
[Site "Wellington Chess Club"]
[Date "2022.04.21"]
[Round "3.1"]
[White "Ker, Anthony"]
[Black "Ashe, Michael"]
[Result "1-0"]
[WhiteElo "2367"]
[BlackElo "1487"]

1. e4 c6 2. d4 d5 3. exd5 cxd5 4. Bd3 Nc6 5. c3 Nf6 6. Bf4 Bg4 7. Qb3 Qd7 8.
Nd2 e6 9. Ngf3 Be7 10. O-O O-O 11. Rae1 a6 12. Ne5 Qc8 13. Bg5 b5 14. Bxf6 Bxf6
15. Nxg4 Be7 16. Re3 Na5 17. Qd1 Qc7 18. Bxh7+ Kxh7 19. Rh3+ Kg8 20. Ne5 g6 21.
Qg4 Kg7 22. Rg3 Rg8 23. Nxg6 Kf6 24. Qh4+ 1-0

[Event "Club Rapid"]
[Site "Wellington Chess Club"]
[Date "2022.04.21"]
[Round "3.8"]
[White "Jones, Christopher"]
[Black "Wilkins, Mark"]
[Result "1-0"]
[WhiteElo "1333"]
[BlackElo "1717"]

1. e4 c5 2. c3 g6 3. Nf3 Bg7 4. d4 cxd4 5. cxd4 Nf6 6. Nc3 O-O 7. Be3 d5 8. e5
Ng4 9. Qb3 Nxe3 10. fxe3 e6 11. Bd3 Bh6 12. e4 dxe4 13. Nxe4 Nc6 14. h4 Nxd4
15. Qd1 Qa5+ 16. Kf2 Nxf3 17. Qxf3 Qxe5 18. h5 Qxb2+ 19. Kg3 Qe5+ 20. Kf2 Bg7
21. Rae1 Qf5 22. Nf6+ Qxf6 23. Qxf6 Bxf6 24. hxg6 fxg6 25. Re4 e5 26. Ke2 Bf5
27. Rb4 Bxd3+ 28. Kxd3 Rad8+ 29. Ke2 b6 30. Rc4 Bg7 31. Rc7 Rf7 32. Rhc1 Rxc7
33. Rxc7 Ra8 1-0

[Event "Club Rapid"]
[Site "Wellington Chess Club"]
[Date "2022.04.21"]
[Round "3.13"]
[White "Webster, Jamie"]
[Black "Benitez, Edgar"]
[Result "0-1"]
[WhiteElo "1537"]
[BlackElo "1858"]

1. e4 d6 2. d4 c6 3. Nc3 g6 4. f4 Bg7 5. Nf3 Bg4 6. Be3 Nd7 7. h3 Bxf3 8. Qxf3
Qb6 9. O-O-O Qa5 10. Bc4 e6 11. e5 d5 12. Bd3 Ne7 13. g4 b5 14. f5 exf5 15.
gxf5 Bxe5 16. dxe5 Nxe5 17. Qe2 O-O-O 18. Bd4 Nxd3+ 19. Qxd3 Rhe8 20. f6 Nf5
21. Rhe1 b4 22. Nb1 Qxa2 23. Bc5 Qa4 24. Rf1 Re4 25. Rde1 Rde8 26. Rxe4 Rxe4
27. Qd2 Qb5 28. Rxf5 gxf5 29. Bf2 Qf1+ 0-1

[Event "Club Rapid"]
[Site "Wellington Chess Club"]
[Date "2022.04.21"]
[Round "3.14"]
[White "Rose, Nathan"]
[Black "Qu, Lucas"]
[Result "1-0"]
[WhiteElo "1161"]
[BlackElo "1204"]

1. e4 e5 2. Nf3 Nc6 3. d4 Nxd4 4. Nxd4 exd4 5. Qxd4 c5 6. Qd3 d5 7. exd5 Nf6 8.
Nc3 Ng4 9. Be2 Qf6 10. O-O Bd6 11. Bxg4 Bxg4 12. Qe4+ Qe5 13. Qxe5+ Bxe5 14.
Re1 f6 15. f4 O-O-O 16. fxe5 fxe5 17. Rxe5 h5 18. Bg5 Rd7 19. Rae1 Kc7 20. h3
Kd6 21. Nb5# 1-0

[Event "Club Rapid"]
[Site "Wellington Chess Club"]
[Date "2022.04.21"]
[Round "3.16"]
[White "Van der Hoorn, Thomas"]
[Black "Aldridge, Alan"]
[Result "1-0"]
[WhiteElo "1869"]
[BlackElo "1828"]

1. e4 e5 2. Nf3 Nc6 3. Bb5 Bc5 4. c3 Nf6 5. d4 exd4 6. e5 Nd5 7. cxd4 Bb4+ 8.
Bd2 Bxd2+ 9. Qxd2 O-O 10. O-O d6 11. Nc3 Nce7 12. Rad1 h6 13. h3 Be6 14. Rfe1
a6 15. Bd3 Qd7 16. Nh2 Rad8 17. Ne4 dxe5 18. dxe5 Qa4 19. b3 Qb4 20. Qc1 Qa5
21. Ng4 Bxg4 22. hxg4 Nb4 23. Nf6+ Kh8 24. Bb1 Rxd1 25. Rxd1 Nbc6 26. Qc2 g6
27. Nd7 Rd8 28. e6 f6 1-0

[Event "Club Rapid"]
[Site "Wellington Chess Club"]
[Date "2022.04.21"]
[Round "4.1"]
[White "Sole, Michael"]
[Black "Ker, Anthony"]
[Result "0-1"]
[WhiteElo "1969"]
[BlackElo "2367"]

1. e4 c5 2. Nf3 g6 3. d4 cxd4 4. Nxd4 Nf6 5. Nc3 Nc6 6. Nxc6 bxc6 7. e5 Ng8 8.
Bd3 Bg7 9. Qe2 Rb8 10. O-O Nh6 11. Rb1 O-O 12. Kh1 d6 13. Bf4 Ng4 14. exd6 exd6
15. Ne4 Ne5 16. Rfd1 Qe7 17. Ng3 Re8 18. Re1 Nxd3 19. Qxe7 Rxe7 20. cxd3 Rxb2
21. Bxd6 Rxe1+ 22. Rxe1 Be6 23. Ne4 Rxa2 24. h3 Ra1 25. Rxa1 Bxa1 26. Kg1 f5
27. Ng5 Bd5 28. h4 a5 29. Kf1 a4 30. Ba3 Bg7 31. Ke2 Bf8 32. Bxf8 Kxf8 33. Kd2
Bxg2 34. Nxh7+ Kg7 35. Ng5 Kh6 36. Ne6 Bd5 37. Nf4 g5 38. hxg5+ Kxg5 39. Ne2 a3
40. Kc3 Kg4 41. Ng1 f4 42. Kc2 f3 43. Kc3 Kf4 44. Nh3+ Kg4 45. Ng1 Be6 46. Kc2
Kf4 47. Kc3 c5 48. Kc2 Bd5 49. Nh3+ Ke5 50. Kc3 a2 51. Kb2 Kd4 52. Nf4 Bf7 53.
Ka1 Kc3 54. d4 cxd4 55. Nd5+ Kd2 56. Nc3 Ke1 57. Ne4 d3 58. Nc5 d2 59. Nd3+ Ke2
60. Nb2 Bb3 61. Nd1 Kxd1 62. Kb2 Ke2 0-1

[Event "Club Rapid"]
[Site "Wellington Chess Club"]
[Date "2022.04.21"]
[Round "4.2"]
[White "Sellen, Ian"]
[Black "Van der Hoorn, Thomas"]
[Result "1/2-1/2"]
[WhiteElo "1985"]
[BlackElo "1869"]

1. c4 e6 2. Nf3 Nf6 3. Nc3 d5 4. d4 Be7 5. Bg5 h6 6. Bh4 O-O 7. e3 b6 8. Rc1
Nbd7 9. cxd5 exd5 10. Bd3 Bb7 11. O-O c5 12. h3 Rc8 13. Bg3 a6 14. Qe2 c4 15.
Bf5 g6 16. Bb1 b5 17. a3 Re8 18. Qc2 Nf8 19. Rfe1 Bd6 20. Ne5 Qb6 21. Qe2 a5
22. Qf3 Be7 23. h4 h5 24. Qf4 Ne6 25. Qf3 b4 26. axb4 axb4 27. Ne2 b3 28. Nf4
Nxf4 29. Bxf4 Qe6 30. Nxc4 dxc4 31. Qxb7 Nd5 32. Bg3 Bd6 33. Bxd6 Qxd6 34. Qb5
Nb6 35. Qg5 Na4 36. Re2 Nxb2 37. Rxb2 Qa3 38. Bxg6 Qxb2 39. Bxf7+ Kxf7 40. Qf5+
1/2-1/2

[Event "Club Rapid"]
[Site "Wellington Chess Club"]
[Date "2022.04.21"]
[Round "4.12"]
[White "Aldridge, Alan"]
[Black "Jones, Christopher"]
[Result "1-0"]
[WhiteElo "1828"]
[BlackElo "1333"]

1. e4 e5 2. Nf3 Nc6 3. Bc4 Nf6 4. d3 Bc5 5. O-O d6 6. c3 Bg4 7. b4 Bb6 8. Nbd2
h5 9. Re1 Bxf3 10. Qxf3 Qd7 11. a4 a5 12. Bb5 Ng4 13. Re2 O-O 14. Nf1 f5 15.
Ne3 h4 16. h3 Nxe3 17. Bxe3 fxe4 18. Qxe4 Qf5 19. Bc4+ Rf7 20. Qxf5 1-0

[Event "Club Rapid"]
[Site "Wellington Chess Club"]
[Date "2022.04.21"]
[Round "4.16"]
[White "Qu, Lucas"]
[Black "Webster, Jamie"]
[Result "0-1"]
[WhiteElo "1204"]
[BlackElo "1537"]

1. e4 e5 2. Nf3 Nc6 3. Bb5 a6 4. Ba4 Nf6 5. O-O Be7 6. Bxc6 dxc6 7. Nxe5 Qd4 8.
Nf3 Qxe4 9. Re1 Qg6 10. Nc3 Be6 11. d4 O-O-O 12. Ne5 Qf5 13. Re3 Qh5 14. Qxh5
Nxh5 15. g4 Nf6 16. g5 Nd5 17. Nxd5 Rxd5 18. c4 Rxd4 19. Nxf7 Rg4+ 20. Kh1 Bxf7
21. Rxe7 Bxc4 22. h3 Bd5+ 23. Kh2 Rg2+ 24. Kh1 Rxg5+ 25. Kh2 Rg2+ 26. Kh1 Rxf2+
27. Kg1 Rg2+ 28. Kf1 Rf8+ 29. Ke1 Rff2 30. Re8+ Kd7 31. Re3 Rc2 32. Kd1 Rcf2
33. Ke1 Bc4 34. Kd1 Rf1+ 35. Re1 Be2+ 36. Kd2 Bh5+ 37. Kc3 Rxe1 38. a3 Rgg1 39.
Kd2 Rd1+ 40. Kc2 Bg6+ 41. Kc3 Rxc1+ 42. Rxc1 Rxc1+ 43. Kb3 0-1

[Event "Club Rapid"]
[Site "Wellington Chess Club"]
[Date "2022.04.28"]
[Round "5.1"]
[White "Ker, Anthony"]
[Black "Dive, Russell"]
[Result "1-0"]
[WhiteElo "2367"]
[BlackElo "2386"]

1. e4 c6 2. d4 d5 3. exd5 cxd5 4. Bd3 Nc6 5. c3 Qc7 6. f4 Nh6 7. Nf3 Bf5 8. O-O
Bxd3 9. Qxd3 e6 10. Re1 Be7 11. Ne5 Nf5 12. Nd2 O-O 13. Ndf3 a6 14. g4 Nd6 15.
Be3 b5 16. Bf2 Rac8 17. Rac1 Qb7 18. Bh4 Bxh4 19. Nxh4 b4 20. Nhf3 bxc3 21.
Rxc3 Nb4 22. Qb1 Ne4 23. Ng5 Nxg5 24. fxg5 Qa7 25. Rd1 f6 26. Rh3 Nc2 27. Nf3
f5 28. gxf5 exf5 29. Rd2 Ne3 30. Qe1 Nc4 31. Re2 Qf7 32. b3 Nd6 33. Ne5 {Black
lost on time} 1-0